000 01536cas a2200481 a 4500
001 data
005 20260322212120.0
008 data
035 _a11457207
906 _a7
_bcbc
_cserials
_du
_encip
_f19
_gn-oclcserc
010 _a 95655581
035 _a(OCoLC)32280813
040 _aDLC
_beng
_cDLC
_dOCLCQ
_dOCLCQ
_dOCLCO
_dOCLCF
_dOCLCQ
041 0 _aeng
_aeng
042 _apcc
043 _an-mx---
050 0 0 _aNX514.A1
_bM49
050 1 4 _aF1202
_b.X35
130 0 _aX (Mexico City, Mexico)
245 1 0 _aX :
_brevista internacional de arte y cultura = X : international review of arts and culture.
246 3 0 _aRevista internacional de arte y cultura
246 3 0 _aInternational review of arts and culture
249 0 _iACQUIRE Title:
_aRevista Internacional de arte y cultura.
260 _aMéxico, D.F. :
_bEditorial Arte y Cultura,
_c[1994?-]
300 _avolumes :
_billustrations ;
_c33 cm
310 _aThree issues a year
336 _atext
_btxt
_2rdacontent
337 _aunmediated
_bn
_2rdamedia
338 _avolume
_bnc
_2rdacarrier
362 0 _a1 (verano 1994)-
546 _aSpanish and English.
590 _aSERBIB/SERLOC merged record
592 _aACQN: aq 95000634
650 0 _aArts, Mexican.
650 0 _aArts.
650 7 _aArts.
_2fast
_0(OCoLC)fst00817721
650 7 _aArts, Mexican.
_2fast
_0(OCoLC)fst00818133
890 _aX (Mexico City, Mexico)
_i95-655581
920 _aKeep 1
991 _bc-GenColl
_hNX514.A1
_iM49
_wSERIALS
992 _bSER
_wSERLOC
999 _c1826
_d1826